[Event "Surabaya Zindgani Cup op"]
[Site "Surabaya"]
[Date "2018.11.11"]
[Round "9"]
[White "Karenza, Dita"]
[Black "Simanjuntak, Sebastian"]
[Result "0-1"]
[WhiteElo "2001"]
[BlackElo "2248"]
[PlyCount "134"]
[EventDate "2018.11.07"]
[EventType "swiss"]
[EventRounds "9"]
[EventCountry "INA"]
[SourceTitle "EXT 2020"]
[Source "ChessBase"]
[SourceDate "2019.10.17"]
[SourceVersion "1"]
[SourceVersionDate "2019.10.17"]
[SourceQuality "1"]

1. e4 c5 2. c3 Nf6 3. e5 Nd5 4. d4 cxd4 5. Nf3 Nc6 6. cxd4 d6 7. Bc4 e6 8. 0-0 dxe5 9. dxe5 Be7 10. Qe2 Nb6 11. Bb3 Nd4 12. Nxd4 Qxd4 13. Rd1 Qc5 14. Nc3 Bd7 15. Bf4 Bc6 16. a3 0-0 17. Rac1 Rad8 18. Nd5 Nxd5 19. Rxc5 Nxf4 20. Qc4 Rxd1+ 21. Bxd1 Rd8 22. Bc2 Bxc5 23. Qxc5 g6 24. Qc4 Rd4 25. Qc5 Rd2 26. h3 Ne2+ 27. Kf1 Nf4 28. Qb4 Bxg2+ 29. Kg1 Rxc2 30. Qxf4 Bd5 31. b4 Rc3 32. h4 Rxa3 33. Qf6 Rf3 34. Qd8+ Kg7 35. h5 Rf5 36. hxg6 hxg6 37. Qc7 a6 38. Kf1 Rf4 39. Qe7 Rf5 40. Qc7 g5 41. Ke2 g4 42. Qc3 Rf4 43. Qc5 Rf5 44. Qd4 Bf3+ 45. Ke3 Kg6 46. Qd6 Bc6 47. Qd4 Rf3+ 48. Ke2 Kf5 49. Qc5 Rf4 50. Kd2 Bd5 51. Qc7 Rxf2+ 52. Ke1 Rf4 53. Qxf7+ Kxe5 54. Qc7+ Kf5 55. Qf7+ Ke4 56. Qg6+ Kf3 57. Qd3+ Kg2 58. Qe2+ Kg3 59. Qe3+ Rf3 60. Qg1+ Kf4 61. Qd4+ Kf5 62. Qg7 g3 63. Qh7+ Ke5 64. Qc7+ Ke4 65. Qg7 Kd3 66. Qg6+ Kc3 67. Qg4 g2 0-1

[Event "Surabaya Zindgani Cup op"]
[Site "Surabaya"]
[Date "2018.11.11"]
[Round "8"]
[White "Simanjuntak, Sebastian"]
[Black "Didik, Saliputra"]
[Result "1-0"]
[WhiteElo "2248"]
[BlackElo "2006"]
[PlyCount "123"]
[EventDate "2018.11.07"]
[EventType "swiss"]
[EventRounds "9"]
[EventCountry "INA"]
[SourceTitle "EXT 2020"]
[Source "ChessBase"]
[SourceDate "2019.10.17"]
[SourceVersion "1"]
[SourceVersionDate "2019.10.17"]
[SourceQuality "1"]

1. d4 Nf6 2. c4 g6 3. Nc3 Bg7 4. e4 d6 5. f3 0-0 6. Be3 c6 7. Qd2 e5 8. d5 cxd5 9. cxd5 Ne8 10. Bd3 Nd7 11. Nge2 a6 12. 0-0 b5 13. b4 f5 14. a4 bxa4 15. Rxa4 Ndf6 16. Rfa1 fxe4 17. Nxe4 Nxe4 18. Bxe4 Rb8 19. Rc1 Nf6 20. Ra2 Nxe4 21. fxe4 Qh4 22. Ng3 Bf6 23. Rac2 Bd7 24. Rc7 Rf7 25. Ra7 Bb5 26. Rxf7 Kxf7 27. Rc7+ Kg8 28. Bh6 Rd8 29. Qc1 g5 30. Bg7 Bxg7 31. Rxg7+ Kxg7 32. Nf5+ Kg6 33. Nxh4+ gxh4 34. Qc7 Rf8 35. h3 Rf1+ 36. Kh2 Rf6 37. Qd8 h5 38. Qg8+ Kh6 39. Qh8+ Kg6 40. g4 hxg3+ 41. Kxg3 Bd3 42. h4 Kf7 43. Qxh5+ Kg7 44. Kh2 Rf2+ 45. Kg3 Rf6 46. Kh3 Rf4 47. Qe8 Bxe4 48. Qe7+ Rf7 49. Qxd6 Bf5+ 50. Kg3 e4 51. Qe5+ Kh7 52. d6 Kh6 53. Qh8+ Bh7 54. Qe5 Bf5 55. Kf4 Bg6+ 56. Kg4 Kh7 57. h5 Bf5+ 58. Kg5 Bd7 59. Qxe4+ Kg8 60. h6 Kh8 61. Kg6 Kg8 62. Qa8+ 1-0

[Event "Surabaya Zindgani Cup op"]
[Site "Surabaya"]
[Date "2018.11.10"]
[Round "7"]
[White "Kurniawan, Ananda"]
[Black "Simanjuntak, Sebastian"]
[Result "1/2-1/2"]
[WhiteElo "1988"]
[BlackElo "2248"]
[PlyCount "100"]
[EventDate "2018.11.07"]
[EventType "swiss"]
[EventRounds "9"]
[EventCountry "INA"]
[SourceTitle "EXT 2020"]
[Source "ChessBase"]
[SourceDate "2019.10.17"]
[SourceVersion "1"]
[SourceVersionDate "2019.10.17"]
[SourceQuality "1"]

1. c4 e5 2. Nc3 Bb4 3. Nf3 Bxc3 4. dxc3 d6 5. g3 Nf6 6. Bg2 0-0 7. 0-0 h6 8. a4 Nc6 9. b4 Be6 10. Nd2 Qd7 11. Re1 Rfe8 12. a5 a6 13. e4 Nh7 14. h4 Rf8 15. Qe2 f5 16. exf5 Bxf5 17. Ne4 Nf6 18. Nxf6+ Rxf6 19. Be3 Raf8 20. b5 Nd8 21. bxa6 bxa6 22. Qd2 Bh3 23. Bh1 Kh8 24. c5 Bg4 25. Bg2 Bf3 26. Bf1 Ba8 27. f4 Qg4 28. Kh2 exf4 29. Bxf4 g5 30. Bh3 Qh5 31. Be3 Kg8 32. Bd4 R6f7 33. cxd6 gxh4 34. Rg1 Be4 35. gxh4+ Kh7 36. dxc7 Rxc7 37. Raf1 Rcf7 38. Qe3 Bg6 39. Qe5 Qxe5+ 40. Bxe5 Nc6 41. Bd6 Rf2+ 42. Rxf2 Rxf2+ 43. Rg2 Rxg2+ 44. Bxg2 Nxa5 45. Bc7 Nc4 46. Bf1 Bf7 47. Bxc4 Bxc4 48. Kg3 Kg6 49. Kf4 Kf6 50. Ke4 Ke6 1/2-1/2

[Event "Surabaya Zindgani Cup op"]
[Site "Surabaya"]
[Date "2018.11.10"]
[Round "6"]
[White "Simanjuntak, Sebastian"]
[Black "Suseno, Bimo Aji"]
[Result "1-0"]
[WhiteElo "2248"]
[BlackElo "1675"]
[PlyCount "115"]
[EventDate "2018.11.07"]
[EventType "swiss"]
[EventRounds "9"]
[EventCountry "INA"]
[SourceTitle "EXT 2020"]
[Source "ChessBase"]
[SourceDate "2019.10.17"]
[SourceVersion "1"]
[SourceVersionDate "2019.10.17"]
[SourceQuality "1"]

1. d4 Nf6 2. c4 g6 3. Nc3 Bg7 4. e4 d6 5. f3 0-0 6. Be3 Nc6 7. Nge2 Re8 8. Qd2 a6 9. 0-0-0 b5 10. Nd5 bxc4 11. h4 Rb8 12. Nec3 e5 13. Bg5 h6 14. Bxh6 Nh7 15. Bxg7 Kxg7 16. h5 g5 17. h6+ Kh8 18. dxe5 Nxe5 19. Be2 Be6 20. g3 c6 21. f4 Nd3+ 22. Bxd3 cxd3 23. Ne3 gxf4 24. gxf4 Qa5 25. Qxd3 Bxa2 26. Qxd6 Bb3 27. Nc2 Be6 28. Qd4+ f6 29. Rhg1 Qc7 30. f5 Bb3 31. Rg7 Qf4+ 32. Qd2 Qe5 33. Qd7 Qf4+ 34. Qd2 Qe5 35. Qd6 Qxd6 36. Rxd6 Rbc8 37. Nd4 Bg8 38. Nxc6 Ng5 39. Ne7 Bh7 40. Nxc8 Rxc8 41. Rgd7 Bg8 42. Rxa6 Nxe4 43. Kb1 Nc5 44. Rdd6 Nxa6 45. Rxa6 Rf8 46. Ne4 Bc4 47. Rd6 Bf1 48. Nxf6 Bh3 49. b4 Rb8 50. Kc2 Bxf5+ 51. Kc3 Bh3 52. b5 Rf8 53. Kd4 Rb8 54. b6 Rf8 55. Ke5 Bc8 56. Rc6 Ba6 57. Rc7 Bd3 58. b7 1-0

[Event "Surabaya Zindgani Cup op"]
[Site "Surabaya"]
[Date "2018.11.09"]
[Round "5"]
[White "Dziththauly, Ramadhan"]
[Black "Simanjuntak, Sebastian"]
[Result "1-0"]
[WhiteElo "1931"]
[BlackElo "2248"]
[PlyCount "83"]
[EventDate "2018.11.07"]
[EventType "swiss"]
[EventRounds "9"]
[EventCountry "INA"]
[SourceTitle "EXT 2020"]
[Source "ChessBase"]
[SourceDate "2019.10.17"]
[SourceVersion "1"]
[SourceVersionDate "2019.10.17"]
[SourceQuality "1"]

1. d4 d5 2. c4 c6 3. Nc3 Nf6 4. Nf3 dxc4 5. a4 Bf5 6. e3 e6 7. Bxc4 Bb4 8. 0-0 Nbd7 9. Bd3 Bg4 10. h3 Bh5 11. e4 e5 12. g4 exd4 13. Na2 Nxg4 14. hxg4 Bxg4 15. Nxb4 a5 16. Nc2 Ne5 17. Nce1 Qf6 18. Kg2 h6 19. Be2 d3 20. Nxd3 Bxf3+ 21. Bxf3 Rd8 22. Ra3 0-0 23. Qe2 Ng6 24. Rh1 Rfe8 25. e5 Nxe5 26. Nxe5 Rxe5 27. Re3 Rxe3 28. Bxe3 Qg6+ 29. Kh2 Qd6+ 30. Kg1 f5 31. Qc4+ Kh7 32. Qf7 Qg6+ 33. Qxg6+ Kxg6 34. Bh5+ Kf6 35. Rh4 Ke5 36. Rc4 g5 37. Rc5+ Ke4 38. Kg2 g4 39. Bg6 Rf8 40. Rxa5 Rf6 41. Bh7 Rf7 42. Bg8 1-0

[Event "Subic Bay op"]
[Site "Subic Bay"]
[Date "2009.05.27"]
[Round "4"]
[White "Nadera, Barlo A"]
[Black "Simanjuntak, Sebastian"]
[Result "1/2-1/2"]
[WhiteElo "2400"]
[BlackElo "2260"]
[PlyCount "96"]
[EventDate "2009.05.25"]
[EventType "swiss"]
[EventRounds "9"]
[EventCountry "PHI"]
[SourceTitle "CBM 130 Extra"]
[Source "ChessBase"]
[SourceDate "2009.07.02"]
[SourceVersion "2"]
[SourceVersionDate "2009.07.15"]
[SourceQuality "1"]

1. d4 d5 2. c4 c6 3. cxd5 cxd5 4. Nc3 Nf6 5. Bf4 Nc6 6. e3 a6 7. a3 Bf5 8. Rc1 e6 9. Bd3 Bxd3 10. Qxd3 Bd6 11. Nge2 0-0 12. 0-0 Na5 13. f3 Nc4 14. Rc2 b5 15. a4 b4 16. Nb1 Bxf4 17. Nxf4 Qb6 18. b3 Nd6 19. Rfc1 Rac8 20. Nd2 g6 21. Kf2 Nd7 22. g3 Qb7 23. Qf1 Rxc2 24. Rxc2 Rc8 25. Qc1 Rxc2 26. Qxc2 Qc8 27. Qxc8+ Nxc8 28. Nd3 a5 29. e4 Ne7 30. Ke3 Nb8 31. Nc5 Nbc6 32. g4 Kg7 33. g5 h6 34. h4 h5 35. Kd3 Kf8 36. Nb7 Nc8 37. Nf1 Ke7 38. Ne3 Nb6 39. Ng2 Kd7 40. Ke3 Kc7 41. Nc5 Kd6 42. Nd3 Nd7 43. Nge1 Nb6 44. Nc2 Nd7 45. Nf4 Nb6 46. Kd3 Ne7 47. Ke3 Nc6 48. Nd3 Nd7 1/2-1/2

[Event "Subic Bay op"]
[Site "Subic Bay"]
[Date "2009.05.26"]
[Round "2"]
[White "Simanjuntak, Sebastian"]
[Black "Gonzales, Jayson"]
[Result "0-1"]
[WhiteElo "2260"]
[BlackElo "2465"]
[PlyCount "129"]
[EventDate "2009.05.25"]
[EventType "swiss"]
[EventRounds "9"]
[EventCountry "PHI"]
[SourceTitle "CBM 130 Extra"]
[Source "ChessBase"]
[SourceDate "2009.07.02"]
[SourceVersion "2"]
[SourceVersionDate "2009.07.15"]
[SourceQuality "1"]

1. d4 Nc6 2. Nf3 d5 3. Bf4 Bg4 4. e3 e6 5. h3 Bh5 6. c3 Bd6 7. Nbd2 f5 8. Bb5 Nge7 9. Qc2 0-0 10. 0-0 Ng6 11. Bxc6 bxc6 12. g3 c5 13. dxc5 Bxc5 14. Ne5 Bd6 15. Nxg6 Bxg6 16. Bxd6 cxd6 17. f4 Qb6 18. Rfe1 Rab8 19. b3 Rfc8 20. Qd3 Be8 21. Nf3 Rc7 22. Rac1 Bb5 23. Qd2 Rbc8 24. Rc2 Qa6 25. Nd4 Bd7 26. Nf3 Be8 27. Rec1 Bh5 28. Nd4 Bf7 29. Nf3 h6 30. Kf2 Be8 31. Nd4 Bd7 32. Nf3 Qa5 33. Qd4 Be8 34. Qd2 Kf8 35. Nd4 Bf7 36. Nf3 Qa6 37. Nd4 Ke7 38. a4 Be8 39. g4 fxg4 40. hxg4 Bd7 41. Nf3 Qb6 42. Qd4 Qxd4 43. exd4 Be8 44. f5 exf5 45. gxf5 Kf6 46. Nh4 a5 47. c4 dxc4 48. bxc4 Bxa4 49. Rc3 Bd7 50. Rg1 Be8 51. Rgc1 a4 52. Ke3 Rb8 53. c5 d5 54. Nf3 Kxf5 55. Ne5 Ke6 56. Nd3 g5 57. c6 Kd6 58. Rf1 Rxc6 59. Nc5 Ke7 60. Kd2 Rb2+ 61. Kc1 Re2 62. Kd1 Bh5 63. Kc1 Rf6 64. Rh1 Be8 65. Nd3 0-1

[Event "Thessaloniki Triandria op 2nd"]
[Site "Thessaloniki"]
[Date "2009.05.03"]
[Round "8"]
[White "Danilov, Vladimir"]
[Black "Simanjuntak, Sebastian"]
[Result "1/2-1/2"]
[WhiteElo "2410"]
[BlackElo "2260"]
[PlyCount "95"]
[EventDate "2009.04.27"]
[EventType "swiss"]
[EventRounds "9"]
[EventCountry "GRE"]
[SourceTitle "CBM 130 Extra"]
[Source "ChessBase"]
[SourceDate "2009.07.02"]
[SourceVersion "2"]
[SourceVersionDate "2009.07.15"]
[SourceQuality "1"]

1. d4 d5 2. c4 c6 3. Nc3 Nf6 4. cxd5 cxd5 5. Bf4 Nc6 6. e3 Bf5 7. Nf3 a6 8. Rc1 e6 9. Qb3 Na5 10. Qa4+ b5 11. Nxb5 axb5 12. Bxb5+ Nd7 13. Ne5 Nc6 14. Nxc6 Rxa4 15. Nxd8 Rxa2 16. Rc8 Bb4+ 17. Ke2 0-0 18. Bxd7 Bg4+ 19. f3 Rxb2+ 20. Kd1 Bf5 21. e4 dxe4 22. g4 Bg6 23. Bc1 Rg2 24. Nc6 Rxc8 25. Bxc8 Bd6 26. Ne5 Bxe5 27. dxe5 exf3 28. Bb7 Bc2+ 29. Ke1 Re2+ 30. Kf1 Bd3 31. Bxf3 Rc2+ 32. Ke1 Rxc1+ 33. Kd2 Rxh1 34. Bxh1 Bc4 35. g5 h6 36. gxh6 gxh6 37. Ke3 Kg7 38. Be4 f6 39. Kf4 f5 40. Bc6 Be2 41. Bd7 Kf7 42. h4 Ke7 43. Ba4 Bh5 44. Bb5 Be8 45. Bc4 Bd7 46. Be2 Kd8 47. Bc4 Kc7 48. Ke3 1/2-1/2

[Event "Singapore Masters 5th"]
[Site "Singapore"]
[Date "2008.12.14"]
[Round "9"]
[White "Simanjuntak, Sebastian"]
[Black "Anasrullah"]
[Result "1/2-1/2"]
[WhiteElo "2242"]
[BlackElo "2290"]
[PlyCount "20"]
[EventDate "2008.12.10"]
[EventType "swiss"]
[EventRounds "9"]
[EventCountry "SIN"]
[SourceTitle "CBM 127 Extra"]
[Source "ChessBase"]
[SourceDate "2009.01.08"]
[SourceVersion "2"]
[SourceVersionDate "2009.01.28"]
[SourceQuality "1"]

1. d4 d5 2. Nf3 Nf6 3. c4 e6 4. Bg5 Be7 5. e3 c6 6. Nc3 Nbd7 7. Rc1 0-0 8. Bd3 h6 9. Bxf6 Nxf6 10. 0-0 b6 1/2-1/2

[Event "Singapore Masters 5th"]
[Site "Singapore"]
[Date "2008.12.10"]
[Round "1"]
[White "Paciencia, Enrique Rivas"]
[Black "Simanjuntak, Sebastian"]
[Result "0-1"]
[WhiteElo "2440"]
[BlackElo "2242"]
[PlyCount "134"]
[EventDate "2008.12.10"]
[EventType "swiss"]
[EventRounds "9"]
[EventCountry "SIN"]
[SourceTitle "CBM 127 Extra"]
[Source "ChessBase"]
[SourceDate "2009.01.08"]
[SourceVersion "2"]
[SourceVersionDate "2009.01.28"]
[SourceQuality "1"]

1. d4 d5 2. c4 c6 3. Nf3 Nf6 4. Nc3 dxc4 5. a4 Bf5 6. Ne5 Nbd7 7. Nxc4 Nb6 8. Ne5 a5 9. f3 Nfd7 10. Nxd7 Nxd7 11. e4 Bg6 12. Be3 Qb6 13. Qd2 e5 14. Rd1 0-0-0 15. d5 Bc5 16. dxc6 bxc6 17. Bxc5 Nxc5 18. Qc2 Rxd1+ 19. Nxd1 Rd8 20. Nc3 Qb4 21. Be2 Qd4 22. Rf1 f6 23. Rf2 Bf7 24. Kf1 Bb3 25. Qc1 Bc4 26. g3 Bxe2+ 27. Rxe2 Qc4 28. Kg2 Nb3 29. Qe1 Rd3 30. Rf2 Qd4 31. Qe2 Nd2 32. f4 Nc4 33. Qg4+ Qd7 34. Qxd7+ Kxd7 35. fxe5 Nxe5 36. Re2 Kd6 37. Na2 Kc5 38. Rc2+ Nc4 39. Kf2 Rd2+ 40. Rxd2 Nxd2 41. Ke2 Nxe4 42. Ke3 Nd6 43. Kd3 Nc4 44. Kc3 Nb6 45. b3 Nd5+ 46. Kd2 f5 47. Nc1 g5 48. Nd3+ Kd4 49. Ne1 g4 50. Nc2+ Ke4 51. Na3 Nb6 52. Nc2 c5 53. Ne3 h5 54. Ke2 c4 55. bxc4 Nxa4 56. Nd5 Nc5 57. Nf6+ Kd4 58. Nxh5 Kc3 59. Kd1 Kb2 60. Ng7 a4 61. Nxf5 a3 62. Nd4 a2 63. Nc2 Ne4 64. Na1 Nc3+ 65. Kd2 Na4 66. Nc2 Nc5 67. Kd1 Nb3 0-1

[Event "Manila PGMA Cup 3rd"]
[Site "Manila"]
[Date "2008.09.08"]
[Round "3"]
[White "Garma, Chito"]
[Black "Simanjuntak, Sebastian"]
[Result "1/2-1/2"]
[WhiteElo "2346"]
[BlackElo "2256"]
[PlyCount "130"]
[EventDate "2008.09.07"]
[EventType "swiss"]
[EventRounds "9"]
[EventCountry "PHI"]
[SourceTitle "CBM 126 Extra"]
[Source "ChessBase"]
[SourceDate "2008.11.05"]
[SourceVersion "1"]
[SourceVersionDate "2008.11.05"]
[SourceQuality "1"]

1. e4 c5 2. Nf3 Nc6 3. d4 cxd4 4. Nxd4 Nf6 5. Nc3 e5 6. Ndb5 d6 7. Nd5 Nxd5 8. exd5 Ne7 9. c4 Nf5 10. Bd3 Be7 11. 0-0 a6 12. Nc3 g5 13. Qh5 h6 14. Kh1 Ng7 15. Qe2 f5 16. f3 h5 17. Be3 h4 18. Na4 Nh5 19. Qc2 0-0 20. Nb6 Rb8 21. c5 dxc5 22. Bxc5 Nf4 23. Rad1 Nxd3 24. Rxd3 Bxc5 25. Qxc5 Bd7 26. Re1 e4 27. Rde3 Bb5 28. fxe4 Rf6 29. a4 Qxb6 30. Qxb6 Rxb6 31. axb5 Rxb5 32. g3 fxe4 33. gxh4 Rxd5 34. Rg1 Kh7 35. Rxe4 Kh6 36. Re6+ Kh5 37. hxg5 Rxg5 38. Rxg5+ Kxg5 39. Rb6 Kh4 40. b4 Kh3 41. Rh6+ Kg4 42. Rg6+ Kh3 43. Rh6+ Kg4 44. Kg2 Rc8 45. Rf6 Kg5 46. Rb6 Rc2+ 47. Kf3 Rc7 48. Rd6 Rc4 49. Rb6 Rc7 50. Re6 Rc4 51. Rb6 Rc7 52. Kg2 Rc2+ 53. Kf1 Rc7 54. Ke2 Rh7 55. Kd3 Kh4 56. Kc3 Kh3 57. Rg6 Kh4 58. Kb3 Kh5 59. Rg1 Rf7 60. Ka4 Rf4 61. Rg7 b6 62. Rh7+ Kg4 63. Ka3 a5 64. bxa5 bxa5 65. Ra7 a4 1/2-1/2

[Event "Manila PGMA Cup 3rd"]
[Site "Manila"]
[Date "2008.09.07"]
[Round "1"]
[White "Sadorra, Julio Catalino"]
[Black "Simanjuntak, Sebastian"]
[Result "1-0"]
[WhiteElo "2470"]
[BlackElo "2256"]
[PlyCount "99"]
[EventDate "2008.09.07"]
[EventType "swiss"]
[EventRounds "9"]
[EventCountry "PHI"]
[SourceTitle "CBM 126 Extra"]
[Source "ChessBase"]
[SourceDate "2008.11.05"]
[SourceVersion "1"]
[SourceVersionDate "2008.11.05"]
[SourceQuality "1"]

1. Nf3 d5 2. d4 Nf6 3. c4 c6 4. Nc3 dxc4 5. a4 Bf5 6. e3 e6 7. a5 Nbd7 8. Bxc4 Be7 9. 0-0 0-0 10. Re1 Bb4 11. a6 b5 12. Bd3 Bg4 13. Qb3 Bxc3 14. Qxc3 Bxf3 15. gxf3 Rc8 16. Kh1 Nd5 17. Qd2 e5 18. Bf5 g6 19. Rg1 Kh8 20. Bxd7 Qxd7 21. e4 Nf4 22. dxe5 Qxd2 23. Bxd2 Nd3 24. b4 Rfe8 25. Kg2 Nxe5 26. Bc3 Kg8 27. Rgd1 Rc7 28. Rd4 Nd7 29. Rad1 Nb8 30. Rd8 Rc8 31. R8d6 Rc7 32. h4 h5 33. f4 c5 34. Rd8 Kf8 35. Bg7+ Kxg7 36. Rxe8 Nxa6 37. e5 Nxb4 38. Rdd8 f5 39. Rg8+ Kf7 40. Rdf8+ Ke6 41. Rxg6+ Kd5 42. e6 Nd3 43. Kf3 c4 44. Rf7 Rc8 45. e7 Re8 46. Ke3 Kc5 47. Rxf5+ Kb4 48. Re6 Nc5 49. Rf8 Rxe7 50. Rxe7 1-0

[Event "Kuala Lumpur op 5th"]
[Site "Kuala Lumpur"]
[Date "2008.08.22"]
[Round "8"]
[White "Simanjuntak, Sebastian"]
[Black "Wang, Li"]
[Result "1/2-1/2"]
[WhiteElo "2256"]
[BlackElo "2392"]
[PlyCount "56"]
[EventDate "2008.08.18"]
[EventType "swiss"]
[EventRounds "11"]
[EventCountry "MAS"]
[SourceTitle "CBM 126 Extra"]
[Source "ChessBase"]
[SourceDate "2008.11.05"]
[SourceVersion "1"]
[SourceVersionDate "2008.11.05"]
[SourceQuality "1"]

1. d4 d5 2. Nf3 Nf6 3. c4 dxc4 4. Nc3 a6 5. a4 Nc6 6. e3 Bg4 7. Bxc4 e6 8. h3 Bh5 9. 0-0 Bd6 10. Be2 0-0 11. Nd2 Bxe2 12. Qxe2 e5 13. d5 Nb4 14. e4 Nc2 15. Rb1 Nd4 16. Qd1 b5 17. Nf3 b4 18. Nxd4 exd4 19. Ne2 Nxe4 20. Nxd4 Qd7 21. Qf3 Rae8 22. Nf5 Re5 23. Nxd6 cxd6 24. Bf4 Re7 25. Qd3 Nc5 26. Qg3 Ne4 27. Qd3 Nc5 28. Qg3 Ne4 1/2-1/2

[Event "Kuala Lumpur op 4th"]
[Site "Kuala Lumpur"]
[Date "2007.08.22"]
[Round "6"]
[White "Simanjuntak, Sebastian"]
[Black "Illingworth, Max"]
[Result "1-0"]
[WhiteElo "2271"]
[BlackElo "2137"]
[PlyCount "103"]
[EventDate "2007.08.20"]
[EventType "swiss"]
[EventRounds "11"]
[EventCountry "MAS"]
[SourceTitle "CBM 120 Extra"]
[Source "ChessBase"]
[SourceDate "2007.11.01"]
[SourceVersion "1"]
[SourceVersionDate "2007.11.01"]
[SourceQuality "1"]

1. d4 Nf6 2. c4 g6 3. Nc3 Bg7 4. e4 d6 5. f3 0-0 6. Be3 c5 7. Nge2 Qa5 8. Qd2 Nc6 9. d5 Ne5 10. Nc1 a6 11. Be2 Bd7 12. Nb3 Qb4 13. Nb1 Qxd2+ 14. N3xd2 b5 15. Na3 Rfb8 16. Kf2 Ne8 17. Rab1 bxc4 18. Naxc4 Nxc4 19. Nxc4 Nc7 20. b4 Nxd5 21. exd5 Bf5 22. Rbc1 Rxb4 23. g4 Bd7 24. Bd2 Rb5 25. Bc3 Bh6 26. Rb1 Rab8 27. Na3 Rxb1 28. Rxb1 Rxb1 29. Nxb1 Bb5 30. Na3 Bxe2 31. Kxe2 Kf8 32. Kd3 Ke8 33. Nc4 Kd7 34. Nb6+ Kc7 35. Ba5 Kb7 36. Nc4 Kc8 37. Bd2 Bg7 38. Bc3 Bh6 39. Ke4 Kd7 40. f4 Kc7 41. h4 Kd7 42. g5 Bf8 43. f5 Ke8 44. f6 e5 45. Na5 Kd7 46. Nc6 Ke8 47. Ba5 h5 48. Kd3 Kd7 49. a4 Ke8 50. Nb8 c4+ 51. Kxc4 e4 52. Kd4 1-0

[Event "Kuala Lumpur op 4th"]
[Site "Kuala Lumpur"]
[Date "2007.08.21"]
[Round "4"]
[White "Simanjuntak, Sebastian"]
[Black "Capel, Evan Timothy"]
[Result "1-0"]
[WhiteElo "2271"]
[BlackElo "1871"]
[PlyCount "89"]
[EventDate "2007.08.20"]
[EventType "swiss"]
[EventRounds "11"]
[EventCountry "MAS"]
[SourceTitle "CBM 120 Extra"]
[Source "ChessBase"]
[SourceDate "2007.11.01"]
[SourceVersion "1"]
[SourceVersionDate "2007.11.01"]
[SourceQuality "1"]

1. d4 Nf6 2. c4 e6 3. Nf3 b6 4. g3 Bb7 5. Bg2 Bb4+ 6. Bd2 Bxd2+ 7. Qxd2 0-0 8. 0-0 d5 9. cxd5 Bxd5 10. Nc3 Ne4 11. Nxe4 Bxe4 12. Rac1 Na6 13. Qc3 Qe7 14. Qc4 Bb7 15. Ne5 c5 16. dxc5 Nxc5 17. b4 Bxg2 18. Kxg2 Qb7+ 19. f3 Nd7 20. Qc6 Qxc6 21. Nxc6 Rfe8 22. Rfd1 Nf6 23. e4 g5 24. g4 Kg7 25. a4 h5 26. h3 hxg4 27. hxg4 Rec8 28. b5 Rc7 29. Ne5 Rac8 30. Rc6 Kf8 31. Rd8+ Rxd8 32. Rxc7 Ne8 33. Rxf7+ Kg8 34. Rxa7 Rd2+ 35. Kg3 Ra2 36. Nf7 Nf6 37. e5 Nd5 38. Nxg5 Nc3 39. Nxe6 Nxb5 40. Rb7 Rxa4 41. g5 Ra6 42. g6 Ra8 43. f4 Nc3 44. f5 Nd5 45. f6 1-0

[Event "Kuala Lumpur op 3rd"]
[Site "Kuala Lumpur"]
[Date "2006.08.22"]
[Round "4"]
[White "Simanjuntak, Sebastian"]
[Black "Nadanian, Ashot S"]
[Result "0-1"]
[WhiteElo "2260"]
[BlackElo "2431"]
[PlyCount "56"]
[EventDate "2006.08.21"]
[EventType "swiss"]
[EventRounds "11"]
[EventCountry "MAS"]
[SourceTitle "CBM 114 Extra"]
[Source "ChessBase"]
[SourceDate "2006.11.03"]
[SourceVersion "1"]
[SourceVersionDate "2006.11.03"]
[SourceQuality "1"]

1. d4 Nf6 2. Nf3 h6 3. c4 g5 4. Nc3 g4 5. Ne5 d6 6. Nd3 Bg7 7. e4 Nc6 8. d5 Na5 9. Nf4 c5 10. Be2 a6 11. h3 h5 12. hxg4 hxg4 13. Rxh8+ Bxh8 14. Bd2 Bd7 15. Qc2 Rb8 16. 0-0-0 b5 17. Rh1 Bg7 18. e5 dxe5 19. Nh5 Nxh5 20. Rxh5 Qb6 21. Rg5 Qh6 22. Ne4 Nxc4 23. Bxc4 bxc4 24. Nxc5 e4 25. Nxd7 Rxb2 26. Qxe4 Rxd2 27. Qxc4 Kd8 28. Ne5 Rxf2 0-1

[Event "Singapore op"]
[Site "Singapore"]
[Date "2004.12.14"]
[Round "5"]
[White "Purnama, Tirta Chandra"]
[Black "Simanjuntak, Sebastian"]
[Result "1-0"]
[WhiteElo "2286"]
[BlackElo "2377"]
[PlyCount "72"]
[EventDate "2004.12.11"]
[EventType "swiss"]
[EventRounds "9"]
[EventCountry "SIN"]
[SourceTitle "CBM 103 Extra"]
[Source "ChessBase"]
[SourceDate "2005.01.01"]
[SourceVersion "1"]
[SourceVersionDate "2005.01.01"]
[SourceQuality "1"]

1. d4 d5 2. c4 c6 3. Nc3 Nf6 4. e3 Bf5 5. cxd5 Nxd5 6. Nge2 e6 7. Ng3 Bg6 8. e4 Nxc3 9. bxc3 Bd6 10. Bd3 0-0 11. f4 Qa5 12. Qc2 f6 13. Bc4 Bf7 14. e5 Be7 15. Qb3 Nd7 16. 0-0 Kh8 17. Bxe6 Bxe6 18. Qxe6 Qxc3 19. Qxe7 Qxd4+ 20. Be3 Qxe3+ 21. Kh1 fxe5 22. Nh5 Rg8 23. Qxd7 exf4 24. Rad1 Qc3 25. Nxf4 Raf8 26. Qe7 Rf6 27. Ne6 Rxf1+ 28. Rxf1 Qc4 29. Qf7 h6 30. a3 b5 31. h3 a5 32. Rf3 Qe4 33. Rf5 b4 34. axb4 axb4 35. Qg6 Qe1+ 36. Kh2 Qe3 1-0

[Event "Singapore op"]
[Site "Singapore"]
[Date "2004.12.12"]
[Round "2"]
[White "Simanjuntak, Sebastian"]
[Black "Wen, Gehua"]
[Result "1/2-1/2"]
[WhiteElo "2377"]
[BlackElo "2071"]
[PlyCount "153"]
[EventDate "2004.12.11"]
[EventType "swiss"]
[EventRounds "9"]
[EventCountry "SIN"]
[SourceTitle "CBM 103 Extra"]
[Source "ChessBase"]
[SourceDate "2005.01.01"]
[SourceVersion "1"]
[SourceVersionDate "2005.01.01"]
[SourceQuality "1"]

1. d4 d5 2. Nf3 Nf6 3. c4 e6 4. Nc3 c6 5. e3 Nbd7 6. Bd3 Bd6 7. 0-0 0-0 8. e4 dxc4 9. Bxc4 e5 10. Bg5 Qe7 11. Re1 b5 12. Bb3 a6 13. Qe2 Bb7 14. Rad1 c5 15. Bd5 Rab8 16. Bxb7 Rxb7 17. Nd5 Qe6 18. dxe5 Bxe5 19. Nxe5 Qxe5 20. f4 Qe8 21. Nxf6+ Nxf6 22. Bxf6 gxf6 23. Qh5 Re7 24. Qf5 Qc8 25. Qxf6 Re6 26. Qf5 Rg6 27. Qxc8 Rxc8 28. e5 Rgc6 29. Kf2 c4 30. Ke3 c3 31. bxc3 Rxc3+ 32. Rd3 b4 33. Red1 a5 34. Rxc3 Rxc3+ 35. Rd3 Rc2 36. Rd2 Rc3+ 37. Ke4 Rc4+ 38. Kf5 a4 39. Rd8+ Kg7 40. Rb8 Rc2 41. Rxb4 Rxa2 42. g4 a3 43. h4 Rh2 44. h5 a2 45. Ra4 h6 46. Ra3 Rf2 47. Ra7 Re2 48. g5 hxg5 49. Kxg5 Rg2+ 50. Kf5 Rh2 51. Kg4 Rg2+ 52. Kh3 Re2 53. Ra6 Rb2 54. Kg4 Rg2+ 55. Kf5 Rh2 56. h6+ Kh7 57. Ra8 Rxh6 58. Rxa2 Kg7 59. Rg2+ Kf8 60. Ke4 Ke7 61. Ra2 Kf8 62. f5 Rh4+ 63. Kd5 Kg7 64. Kd6 Rb4 65. f6+ Kg6 66. Rg2+ Kf5 67. Ke7 Rb7+ 68. Kf8 Kxe5 69. Kg7 Kf5 70. Rf2+ Kg5 71. Re2 Rb6 72. Re5+ Kf4 73. Re7 Kg5 74. Re5+ Kf4 75. Re7 Kg5 76. Rxf7 Ra6 77. Kf8 1/2-1/2

[Event "Singapore op"]
[Site "Singapore"]
[Date "2004.12.11"]
[Round "1"]
[White "Purba, Cornelis"]
[Black "Simanjuntak, Sebastian"]
[Result "1/2-1/2"]
[WhiteElo "2181"]
[BlackElo "2377"]
[PlyCount "29"]
[EventDate "2004.12.11"]
[EventType "swiss"]
[EventRounds "9"]
[EventCountry "SIN"]
[SourceTitle "CBM 103 Extra"]
[Source "ChessBase"]
[SourceDate "2005.01.01"]
[SourceVersion "1"]
[SourceVersionDate "2005.01.01"]
[SourceQuality "1"]

1. d4 d5 2. c4 c6 3. e3 Nf6 4. Nc3 Bf5 5. Bd3 Bxd3 6. Qxd3 e6 7. a3 Nbd7 8. f4 Qa5 9. c5 Qc7 10. Nf3 b6 11. b4 a5 12. Rb1 axb4 13. axb4 Be7 14. 0-0 0-0 15. Bd2 1/2-1/2